| 000 | 00411nam a22001697a 4500 | ||
|---|---|---|---|
| 005 | 20160518172300.0 | ||
| 008 | 160518b xxu||||| |||| 00| 0 eng d | ||
| 020 | _a81-7446-211-2 | ||
| 041 | _aeng | ||
| 082 | _b3087 | ||
| 100 |
_aMnocha R.C. _9768 |
||
| 245 | _aProduction and Operations Management | ||
| 260 |
_aNew Delhi _bExcel Books, _c2001 |
||
| 300 | _a322 | ||
| 650 |
_aManagement _9241 |
||
| 942 | _cBK | ||
| 999 |
_c1056 _d1056 |
||